| 000 | 01671nam0a2200337 4500 | ||
|---|---|---|---|
| 001 | RU\NLR\bibl\432500 | ||
| 005 | 20260407141625.0 | ||
| 021 |
_aRU _b03-16575 |
||
| 035 | _a(NLR Aleph) 000426340 | ||
| 090 |
_a726834 _c726834 |
||
| 100 | _a20030901d2002 |||y0rusy50 ca | ||
| 101 | 0 | _arus | |
| 102 | _aRU | ||
| 105 | _ay ||||||||| | ||
| 200 | 1 |
_aНетрадиционные методы ведения садоводства и огородничества _eРек. библиогр. указ. _fНижегор. гос. обл. универс. науч. б-ка им. В. И. Ленина. Отд. с.-х. лит. _g[Сост.: Т. Д. Замулина] |
|
| 210 |
_aН. Новгород _cНГОУНБ _d2002 |
||
| 215 |
_a47 с. _d20 |
||
| 320 | _aУказ. авт. и назв.: с. 39-42 | ||
| 320 | _aУказ. растений: с. 43-44 | ||
| 606 | 0 |
_aПриусадебное садоводство _jБиблиография _xНетрадиционные методы _92300587 _3RU\NLR\auth\661377391 |
|
| 606 | 0 |
_aПриусадебное овощеводство _jБиблиография _xНетрадиционные методы _92300591 _3RU\NLR\auth\661377392 |
|
| 686 | _aП23,1я1 | ||
| 686 | _aП24,1я1 | ||
| 702 | 1 |
_aЗамулина _bТ. Д. _4220 |
|
| 712 | 0 | 2 |
_4570 _aНижегородская государственная областная универсальная научная библиотека им. В. И. Ленина _3RU\NLR\AUTH\8810009819 _9517378 |
| 801 | 0 |
_aRU _bNLR _c20030901 _gPSBO |
|
| 801 | 1 |
_aRU _bNLR _c20030901 |
|
| 942 | _cBOOK | ||
| 980 | _aNB | ||